000 00653nam a2200241Ia 4500
003 OSt
005 20220924114122.0
006 a|||||r|||| 00| 0
007 ta
008 220923b |||||||| |||| 00| 0 urd d
024 _a321985
037 _cTextual
040 _aARTS
_cARTS
_burd
041 _2urd
_aurd
082 _aR65,6, 168J9
100 _aKhan Mohammad Ajmal Tr.
_9171948
245 0 _aBhagwad Gita
260 _aAligrah
_bAnjuman taraqqi Urdu Hind India
_c1959
300 _a196p.
_ccm.
650 _aBHAGAVAD GITA
942 _hR65,6, 168J9
_cTEXL
_2CC
999 _c391989
_d391989